|
|
|
|
| LEADER |
00000nam a2200000Ii 4500 |
| 001 |
DIGDYK2404 |
| 003 |
NyNyDIG |
| 006 |
m o d |
| 007 |
cr ||||||||||| |
| 008 |
230309s2022 sp ob 000 0 spa d |
| 035 |
|
|
|a (OCoLC)1362864083
|
| 040 |
|
|
|a DGITA
|b eng
|e rda
|e pn
|c DGITA
|
| 020 |
|
|
|a 9788411226400
|q eBook
|
| 041 |
0 |
|
|a spa
|e ng
|
| 050 |
1 |
4 |
|a HQ1233 ebook
|
| 245 |
0 |
0 |
|a Misoginia y filoginia :
|b fuerzas discursivas simbólicas en la narrativa internacional /
|c José García Fernández, Giuliana Antonella Giacobbe, Rocio Riestra Camacho (editores).
|
| 264 |
|
1 |
|a Madrid :
|b Editorial Dykinson S.L.,
|c 2022.
|
| 300 |
|
|
|a 1 online resource.
|
| 336 |
|
|
|a text
|b txt
|2 rdacontent
|
| 337 |
|
|
|a computer
|b c
|2 rdamedia
|
| 338 |
|
|
|a online resource
|b cr
|2 rdacarrier
|
| 347 |
|
|
|a text file
|2 rdaft
|
| 347 |
|
|
|b PDF
|
| 490 |
1 |
|
|a Dykinson eBook
|
| 490 |
1 |
|
|a Colección Escritoras y escrituras.
|
| 504 |
|
|
|a Includes bibliographical references.
|
| 546 |
|
|
|a Text in Spanish and English.
|
| 588 |
0 |
|
|a Online resource; title from PDF title page (Digitalia, viewed March 9, 2023)
|
| 650 |
|
0 |
|a Misogyny.
|
| 791 |
2 |
|
|a Digitalia (Firm),
|e distributor.
|
| 700 |
1 |
|
|a García Fernández, José,
|e editor.
|
| 700 |
1 |
|
|a Giacobbe, Giuliana Antonella,
|e editor.
|
| 700 |
1 |
|
|a Riestra Camacho, Rocío,
|e editor.
|
| 793 |
0 |
|
|g Digitalia eBook Collection:
|a Dykinson Editorial
|
| 830 |
|
0 |
|a Dykinson eBook.
|
| 830 |
|
0 |
|a Colección Escritoras y escrituras (Editorial Dykinson)
|
| 856 |
4 |
0 |
|3 Digitalia Hispánica
|u https://www.digitaliapublishing.com/a/124511/
|
| 910 |
|
|
|a Premium collection: 2023
|